[Event "San Francisco Grey Memorial"]
[Site "San Francisco"]
[Date "2017.09.12"]
[Round "6"]
[White "Baer, Michael"]
[Black "Abraham, Michael David"]
[Result "0-1"]
[WhiteElo "1354"]
[BlackElo "1535"]
[PlyCount "68"]
[EventDate "2017.08.08"]
[EventType "swiss"]
[EventRounds "9"]
[EventCountry "USA"]
[SourceTitle "EXT 2023"]
[Source "ChessBase"]
[SourceDate "2022.10.05"]
[SourceVersion "1"]
[SourceVersionDate "2022.10.05"]
[SourceQuality "1"]

1. d4 d5 2. Bf4 e6 3. e3 Nf6 4. Nf3 c5 5. c3 Nc6 6. h3 Bd6 7. Bxd6 Qxd6 8. Bd3 0-0 9. Nbd2 Re8 10. 0-0 e5 11. dxe5 Nxe5 12. Nxe5 Rxe5 13. Qf3 Rh5 14. Qg3 Qb6 15. b3 Bd7 16. Be2 Rh6 17. Rfd1 Bxh3 18. Bf1 Re8 19. Qf3 Bg4 20. Qf4 Bxd1 21. Rxd1 Qe6 22. Nf3 Nh5 23. Qc7 Nf6 24. Ng5 Qe7 25. Qf4 Nh5 26. Qg4 Qe5 27. Nf3 Qxc3 28. Qd7 Rf8 29. Qxd5 Ng3 30. Nh2 Nxf1 31. Rxf1 b6 32. Ng4 Re6 33. Rd1 Qb4 34. Qd7 Qxg4 0-1

[Event "San Francisco TNM Winter op"]
[Site "San Francisco"]
[Date "2017.01.24"]
[Round "4"]
[White "Abraham, Michael David"]
[Black "Cunningham, Charles"]
[Result "1-0"]
[WhiteElo "1602"]
[BlackElo "1453"]
[PlyCount "49"]
[EventDate "2017.01.03"]
[EventType "swiss"]
[EventRounds "8"]
[EventCountry "USA"]
[SourceTitle "EXT 2018"]
[Source "ChessBase"]
[SourceDate "2017.10.13"]
[SourceVersion "1"]
[SourceVersionDate "2017.10.13"]
[SourceQuality "1"]

1. d4 e6 2. c4 b6 3. Nc3 Nf6 4. e4 Bb4 5. Bd3 Bxc3+ 6. bxc3 Bb7 7. Qe2 h6 8. Nf3 d6 9. e5 dxe5 10. dxe5 Nfd7 11. 0-0 Nc6 12. Ba3 Ncxe5 13. Nxe5 Qg5 14. Nf3 Qf6 15. Be4 0-0-0 16. Bxb7+ Kxb7 17. Qe4+ Kb8 18. Nd4 Ne5 19. f4 Rxd4 20. Qxd4 Nxc4 21. Qxc4 Qf5 22. Rad1 h5 23. Rd7 c5 24. Qa6 Qe4 25. Qxa7+ 1-0

[Event "San Francisco TNM Fall op"]
[Site "San Francisco"]
[Date "2016.10.18"]
[Round "1"]
[White "Manvelyan, Hovik"]
[Black "Abraham, Michael David"]
[Result "1-0"]
[WhiteElo "2007"]
[BlackElo "1512"]
[PlyCount "47"]
[EventDate "2016.10.18"]
[EventType "swiss"]
[EventRounds "9"]
[EventCountry "USA"]
[SourceTitle "EXT 2018"]
[Source "ChessBase"]
[SourceDate "2017.10.13"]
[SourceVersion "1"]
[SourceVersionDate "2017.10.13"]
[SourceQuality "1"]

1. d4 Nf6 2. c4 e6 3. Nc3 Be7 4. e4 d6 5. Bd3 Nc6 6. Nge2 0-0 7. 0-0 Re8 8. h3 a6 9. Be3 e5 10. a3 Bd7 11. Qc2 Qc8 12. d5 Nd8 13. Kh2 Rf8 14. f4 exf4 15. Nxf4 g5 16. Nfe2 g4 17. Bd4 Nh5 18. e5 dxe5 19. Bxh7+ Kg7 20. Bxe5+ Bf6 21. Rxf6 Nxf6 22. Rf1 Re8 23. Bxf6+ Kf8 24. Qd2 1-0